000 00928nam a2200265 i 4500
001 18656
003 ES-MaACL
005 20250505180652.0
007 t|
008 020204s2001 sp ||||0| spa j
020 _a84-88306-65-2
080 _a314(460)"19"
245 0 4 _aLas claves demográficas del futuro de España /
_cManuel Fraga Iribarne ... [et al.].
260 _aMadrid :
_bFundación Cánovas del Castillo,
_c[2001]
300 _a303 p. :
_bgráf. ;
_c21 cm.
490 1 _aVeintiuno
500 _aPonencias presentadas en los cursos celebrados en la Universidad "Marqués de Santillana" en Guadalajara, 2000.
504 _aBibliografía.
651 4 _aEspaña-
_xPoblación-
_vEstadísticas.
_98393
700 1 _aFraga Iribarne, Manuel,
_d1922-2012
_9193721
710 2 _aFundación Cánovas del Castillo.
_94244
830 0 _aVeintiuno
_9180481
852 _aES-MaACL
_jL-25231
999 _c18656
_d18656